<?xml version="1.0" encoding="UTF-8"?>
<collection xmlns="http://www.loc.gov/MARC21/slim">
 <record>
  <leader>01385pam a22002898a 4500</leader>
  <controlfield tag="001">00017410</controlfield>
  <controlfield tag="005">20171026081022.0</controlfield>
  <controlfield tag="008">110419s2007                  ||||||Viesd</controlfield>
  <datafield tag="020" ind1=" " ind2=" ">
   <subfield code="c">17000</subfield>
  </datafield>
  <datafield tag="041" ind1="0" ind2="#">
   <subfield code="a">Vie</subfield>
  </datafield>
  <datafield tag="082" ind1="1" ind2="#">
   <subfield code="a">621.802 8</subfield>
   <subfield code="b">K600T</subfield>
  </datafield>
  <datafield tag="100" ind1="0" ind2="#">
   <subfield code="a">Ninh Đức Tốn</subfield>
  </datafield>
  <datafield tag="245" ind1="0" ind2="0">
   <subfield code="a">Kỹ thuật đo</subfield>
   <subfield code="b">Biên soạn theo chương trình khung của Bộ Giáo dục và Đào tạo</subfield>
   <subfield code="c">Ninh Đức Tốn, Nguyễn Trọng Hùng</subfield>
   <subfield code="n">T.1</subfield>
   <subfield code="p">Dung sai lắp ghép và tiêu chuẩn hóa</subfield>
  </datafield>
  <datafield tag="260" ind1="#" ind2="#">
   <subfield code="a">H.</subfield>
   <subfield code="b">Giáo dục</subfield>
   <subfield code="c">2007</subfield>
  </datafield>
  <datafield tag="300" ind1="#" ind2="#">
   <subfield code="a">152 tr.</subfield>
   <subfield code="b">hình vẻ</subfield>
   <subfield code="c">24 cm.</subfield>
  </datafield>
  <datafield tag="650" ind1="#" ind2="7">
   <subfield code="2">Chi tiết máy</subfield>
  </datafield>
  <datafield tag="650" ind1="#" ind2="7">
   <subfield code="2">Kĩ thuật</subfield>
  </datafield>
  <datafield tag="653" ind1="#" ind2="#">
   <subfield code="a">giáo trình</subfield>
  </datafield>
  <datafield tag="653" ind1="#" ind2="#">
   <subfield code="a">lắp ghép</subfield>
  </datafield>
  <datafield tag="653" ind1="#" ind2="#">
   <subfield code="a">Đo lường</subfield>
  </datafield>
  <datafield tag="700" ind1="0" ind2="#">
   <subfield code="a">Nguyễn Trọng Hùng</subfield>
  </datafield>
  <datafield tag="852" ind1="#" ind2="#">
   <subfield code="b">Kho giáo trình</subfield>
   <subfield code="j">KGT.0010288, KGT.0010289, KGT.0010290, KGT.0010291, KGT.0010292, KGT.0010293</subfield>
  </datafield>
  <datafield tag="852" ind1="#" ind2="#">
   <subfield code="b">Kho mượn</subfield>
   <subfield code="j">KM.0004830</subfield>
  </datafield>
  <datafield tag="852" ind1="#" ind2="#">
   <subfield code="b">Kho đọc</subfield>
   <subfield code="j">KD.0002732</subfield>
  </datafield>
  <datafield tag="852" ind1="#" ind2="#">
   <subfield code="j">KD.0002732</subfield>
   <subfield code="j">KM.0004830</subfield>
   <subfield code="j">KGT.0010288</subfield>
   <subfield code="j">KGT.0010289</subfield>
   <subfield code="j">KGT.0010291</subfield>
   <subfield code="j">KGT.0010293</subfield>
   <subfield code="j">KGT.0010290</subfield>
   <subfield code="j">KGT.0010292</subfield>
   <subfield code="j">KGT.0057416</subfield>
   <subfield code="j">KGT.0057195</subfield>
   <subfield code="j">KGT.0057196</subfield>
   <subfield code="j">KGT.0057197</subfield>
   <subfield code="j">KGT.0057198</subfield>
   <subfield code="j">KGT.0057199</subfield>
   <subfield code="j">KGT.0057200</subfield>
   <subfield code="j">KGT.0057211</subfield>
   <subfield code="j">KGT.0057212</subfield>
   <subfield code="j">KGT.0057213</subfield>
   <subfield code="j">KGT.0057214</subfield>
   <subfield code="j">KGT.0057215</subfield>
   <subfield code="j">KGT.0057216</subfield>
   <subfield code="j">KGT.0057217</subfield>
  </datafield>
  <datafield tag="910" ind1=" " ind2=" ">
   <subfield code="d">19/04/2011</subfield>
  </datafield>
  <datafield tag="980" ind1="#" ind2="#">
   <subfield code="a">Trung tâm Học liệu Lê Vũ Hùng, Trường Đại học Đồng Tháp</subfield>
  </datafield>
 </record>
</collection>
